Aula internacional 3

Guardado en:
Detalles Bibliográficos
Autor principal: Corpas, Jaime
Otros Autores: Garmendia, Augustín, Soriano, Carmen
Formato: Libro
Lenguaje:español
Publicado: Barcelona Difusión 2006
Materias:
Etiquetas: Agregar Etiqueta
Sin Etiquetas, Sea el primero en etiquetar este registro!

MARC

LEADER 00000nam a2200000 4500
001 0237006
005 20240226134009.2
020 |a 978-84-8443-232-6 
041 0 |a spa 
044 |a ES 
245 1 0 |a Aula internacional 3  |c Jaime Corpas, Augustín Garmendia, Carmen Soriano 
264 1 |a Barcelona  |b Difusión  |c 2006 
300 |a 192 s.  |e CD-ROM 
610 2 0 |a španielčina 
610 2 0 |a gramatika 
610 2 0 |a zásoba slovná 
610 2 0 |a jazyky cudzie 
610 2 0 |a konverzácia 
610 2 0 |a výslovnosť 
610 2 0 |a Španielsko 
610 2 0 |a kultúra 
610 2 0 |a reálie 
100 1 |a Corpas, Jaime 
700 1 |a Garmendia, Augustín 
700 1 |a Soriano, Carmen